[Event "Main Vogelsberg op 15th"]
[Site "Waechtersbach"]
[Date "2021.10.02"]
[Round "2.26"]
[White "Goetz, Arnold1111"]
[Black "Schreiber, Edgar"]
[Result "1-0"]
[WhiteElo "1596"]
[BlackElo "1176"]
[PlyCount "67"]
[EventDate "2021.10.01"]
[EventType "swiss"]
[EventRounds "5"]
[EventCountry "GER"]
[SourceTitle "EXT 2023"]
[Source "ChessBase"]
[SourceDate "2022.10.05"]
[SourceVersion "1"]
[SourceVersionDate "2022.10.05"]
[SourceQuality "1"]

1. Nf3 Nf6 2. c4 g6 3. Nc3 c6 4. d4 d5 5. cxd5 Nxd5 6. e4 Nb6 7. Be2 Bg7 8. Be3 Be6 9. Ng5 Nc4 10. Nxe6 Nxe3 11. Nxg7+ Kf8 12. Ne6+ fxe6 13. fxe3 Qb6 14. Qd2 Nd7 15. Na4 Qc7 16. Rc1 Rd8 17. Qc3 e5 18. d5 Nb6 19. Nc5 Ke8 20. Ne6 Qd6 21. Nxd8 Kxd8 22. dxc6 Kc7 23. Rd1 Qf6 24. Bf3 bxc6 25. 0-0 h5 26. Be2 Qe6 27. b3 g5 28. Bb5 Kb7 29. Be2 g4 30. Rf5 Nd5 31. Qc4 Rh6 32. Qa6+ Kb8 33. Rf8+ Qc8 34. Rxc8# 1-0